[Event "BCF-chT3N 1617 (4NCL)"]
[Site "England"]
[Date "2016.11.26"]
[Round "1.44"]
[White "Webster, Richard J"]
[Black "Pocevicius, Dovydas"]
[Result "1-0"]
[WhiteElo "2020"]
[BlackElo "1692"]
[PlyCount "93"]
[EventDate "2016.11.26"]
[EventType "team-swiss"]
[EventRounds "11"]
[EventCountry "ENG"]
[SourceTitle "EXT 2019"]
[Source "ChessBase"]
[SourceDate "2018.10.10"]
[SourceVersion "1"]
[SourceVersionDate "2018.10.10"]
[SourceQuality "1"]
[WhiteTeam "Manchester Manticores II"]
[BlackTeam "Enniscorthy"]
[WhiteTeamCountry "ENG"]
[BlackTeamCountry "IRL"]

1. c4 Nf6 2. Nc3 g6 3. e4 d6 4. d4 Bg7 5. Nf3 Bg4 6. Be2 0-0 7. Be3 Re8 8. 0-0 e5 9. d5 Nbd7 10. Nd2 Bxe2 11. Qxe2 a6 12. Rac1 Rc8 13. b4 Qe7 14. Nb3 h5 15. f3 h4 16. Bg5 h3 17. g4 Qf8 18. Be3 Nh7 19. Kh1 f5 20. gxf5 gxf5 21. Rg1 Qf6 22. exf5 Qxf5 23. Rg3 Ndf6 24. Qf1 Kf7 25. Ne4 Rg8 26. Qxh3 Qxh3 27. Rxh3 Nxe4 28. fxe4 Nf6 29. Rf1 Rcf8 30. Bg5 Ke8 31. Bxf6 Rxf6 32. Rxf6 Bxf6 33. Rg3 Rh8 34. Kg2 Rh4 35. Nd2 Kf7 36. h3 c6 37. Rg4 Rh8 38. a4 cxd5 39. exd5 b5 40. axb5 axb5 41. cxb5 Rb8 42. Nc4 Be7 43. b6 Kf6 44. Kf3 Kf5 45. Rg7 Kf6 46. Rh7 Rc8 47. b7 1-0

[Event "Gonzaga Masters"]
[Site "Dublin"]
[Date "2016.01.22"]
[Round "1"]
[White "Li, Henry"]
[Black "Pocevicius, Dovydas"]
[Result "1-0"]
[WhiteElo "1882"]
[BlackElo "1587"]
[PlyCount "77"]
[EventDate "2016.01.22"]
[EventType "swiss"]
[EventRounds "5"]
[EventCountry "IRL"]
[SourceTitle "EXT 2023"]
[Source "ChessBase"]
[SourceDate "2022.10.05"]
[SourceVersion "1"]
[SourceVersionDate "2022.10.05"]
[SourceQuality "1"]

1. e4 Nc6 2. Nf3 f5 3. exf5 d5 4. Bb5 Bxf5 5. Nd4 Bd7 6. Nxc6 bxc6 7. Ba4 Nf6 8. d4 g6 9. 0-0 Bg7 10. c3 Rb8 11. Nd2 0-0 12. Nb3 e5 13. dxe5 Ng4 14. f4 Qh4 15. h3 Nxe5 16. fxe5 Rxf1+ 17. Qxf1 Rf8 18. Qe2 Bxh3 19. Bxc6 Qg3 20. Bxd5+ Kh8 21. Qe3 Qg4 22. Bd2 Qd7 23. c4 c6 24. Qxh3 Qxh3 25. gxh3 cxd5 26. cxd5 Bxe5 27. Bc3 Bxc3 28. bxc3 Rf3 29. d6 Rxc3 30. Rd1 Rc8 31. d7 Rd8 32. Nc5 Kg7 33. Ne6+ Kf6 34. Nxd8 a5 35. Nc6 a4 36. d8Q+ Kg7 37. Rf1 g5 38. Qxg5+ Kh8 39. Rf8# 1-0